000 005880000a22001810004500
001 768714001
003 CO-MdFUSB
005 20170424152657.0
008 170424b2006 cr ||||| |||| 00| 0 spa d
040 _aCO-MdFUSB
_bspa
_cCO-MdFUSB
_dCO-MdFUSB
041 _aspa
100 1 _aSomoza, Ana R.
_eautor
245 1 0 _aUn espacio para los adolescentes
300 _aVolumen 7, número 28, (2006), Páginas 12-13
_c28 cm.
546 _aTexto en español
773 0 _tAlcanzando a los Niños en Riesgo
_049458
_960570
_gVolumen 7, número 28, (2006), Páginas 12-13
_qPágina 12
942 _cANA
999 _c61089
_d61089